000 00384nam a2200133 a 4500
001 000006701
005 20200929153958.0
008 090902s2004 dr 001 0 spa d
040 _aDO-SdBNP
_bspa
_cBNPHU
100 1 _aAcosta, Pedro
_9463
245 1 3 _aLa clave del bienestar :
_bcrecer siempre /
_cPedro Acosta.
260 _aSanto Domingo :
_bBúho,
_c2004.
300 _a60 p. : ;
_c14 cm.
999 _c6490
_d6490